Metals Handbook : Volume 1 : Properties and Selection : Irons, Steels, and High-Performance Alloys
Salvato in:
| Natura: | Libro |
|---|---|
| Lingua: | inglese |
| Pubblicazione: |
Materials Park
ASM
[1990]
|
| Edizione: | 10th ed. |
| Soggetti: | |
| Tags: |
Nessun Tag, puoi essere il primo ad aggiungerne!!
|
MARC
| LEADER | 00000nam a22000003a 4500 | ||
|---|---|---|---|
| 001 | 0005711 | ||
| 003 | SK-STU | ||
| 005 | 20150626074542.3 | ||
| 007 | ta | ||
| 008 | 150626s ----xo-----e------000-0-----d | ||
| 020 | |a 0-87170-377-7 | ||
| 040 | |a STU |b slo | ||
| 041 | 0 | |a eng | |
| 044 | |a xxu | ||
| 080 | |a 620 | ||
| 245 | 1 | 0 | |a Metals Handbook : |b Volume 1 : Properties and Selection : Irons, Steels, and High-Performance Alloys |
| 250 | |a 10th ed. | ||
| 260 | |a Materials Park |b ASM |c [1990] | ||
| 650 | 0 | 7 | |a kovy |
| 650 | 0 | 7 | |a kovy a kovové materiály |
| 650 | 0 | 7 | |a ocele |
| 650 | 0 | 7 | |a oceľ |
| 996 | |b 284M086468 |c M* 13797/1-1 |l MMST |s A |a 24 |w 0005711_0001 | ||